Trenerzy Realu Madryt w XXI w. - Statystyki

Ogólne statystyki
  • Ten quiz został rozwiązany 285 razy
  • Średni wynik to 8 z 17
Statystyki odpowiedzi
lata trener % Poprawnych
2016-2018 Zinedine Zidane
99%
2019- Zinedine Zidane
99%
2013-2015 Carlo Ancelotti
91%
2010-2013 Jose Mourinho
89%
2015-2016 Rafael Benitez
73%
2018 Julen Lopetegui
62%
1999-2003 Vicente del Bosque
54%
2018-2019 Santiago Solari
46%
2006-2007 Fabio Capello
35%
2009-2010 Manuel Pellegrini
33%
2007-2008 Bernd Schuster
22%
2004-2005 Vanderlei Luxemburgo
15%
2008-2009 Juande Ramos
11%
2003-2004 Carlos Queiroz
10%
2004 Jose Antonio Camacho
9%
2005-2006 Juan Ramon
4%
2004 Mariano Garcia Remon
2%
Nie znaleziono quizów pasujących do podanych kryteriów
Rozkład punktacji
Procent ludzi z każdym wynikiem
Percentyl według liczby udzielonych odpowiedzi
Twoja historia wyników
Nie rozwiązałeś tego quizu